00673cam a2200217 a 450000500170000000800410001702000150005802000180007304000500009104100080014110000230014924500440017225000110021626000600022730000220028750400530030965000160036265000240037865000140040265000390041620150709091649.0150709s2004 enk fr 001 0 eng d a0199271682 a9780199271689 aCO-BoUCMcJose A. GerenadJose A. Gerenabspa0 aeng1 aSwinburne, Richard14aThe existence of GodcRichard Swinburne a2nd ed aOxford (Oxfordshire, Inglaterra)bClarendon pressc2004 avi, 363 páginas aIncluye referencias bibliográficas e índices 7aReligión  7aExistencia de Dios  7aTeísmo  7aCosmología xAspectos religiosos